|
|
|
|
| LEADER |
00000cam a2200000 a 4500 |
| 001 |
vtls001094217 |
| 003 |
SK-MaSNL |
| 005 |
20260301193801.0 |
| 008 |
240226s1985 xo dl drnp 000 0 slo |
| 015 |
|
|
|a SNBA1985/04
|
| 020 |
|
|
|q (brožované)
|
| 035 |
|
|
|a SNK000037059
|
| 035 |
|
|
|a 098865C8-A5E8-44E4-B0D9-21F2C721E445
|
| 035 |
|
|
|a urn:nbn:sk:snk-am00iaz2
|
| 035 |
|
|
|a B04A876B-343B-4480-961F-3DA93129D83C
|
| 035 |
|
|
|a urn:nbn:sk:snk-am00ignn
|
| 040 |
|
|
|a SNK
|b slo
|c SNK
|e AACR2
|
| 041 |
1 |
|
|a slo
|h cze
|
| 044 |
|
|
|a xo
|c SK
|
| 072 |
|
7 |
|a 74
|x Kresba. Umelecké remeslá
|2 konspekt
|
| 072 |
|
7 |
|a 37.016
|x Učebné osnovy. Vyučovacie predmety. Učebnice
|2 konspekt
|
| 080 |
|
|
|a 744.44(075.3)
|2 1981
|
| 080 |
|
|
|a 744.4
|2 2011
|
| 080 |
|
|
|a (075.3)
|2 2011
|
| 100 |
1 |
|
|a Leinveber, Jan
|4 aut
|9 42134
|
| 240 |
1 |
0 |
|a Technické kreslení pro SPŠ nestrojnické
|l Slovensky
|
| 245 |
1 |
0 |
|a Technické kreslenie pre SPŠ nestrojnícke
|c Ján Leinveber, Josef Švercl ; [z českého originálu Technické kreslení pro SPŠ nestrojnické ... preložila Ľubomíra Csáderová]
|
| 250 |
|
|
|a 2. vyd.
|
| 260 |
|
|
|a Bratislava
|b Alfa
|c 1985
|e Bratislava
|f Svornosť
|
| 300 |
|
|
|a 209 strán
|b grafy, schémy, tabuľky
|c 20 cm
|
| 366 |
|
|
|e 5000 výtl.
|
| 490 |
1 |
|
|a Edícia strojárskej literatúry
|
| 504 |
|
|
|a Bibliografia na strane 206
|
| 650 |
0 |
7 |
|a technické kreslenie
|2 SNKPH
|9 3080
|
| 655 |
|
7 |
|a učebnice stredných škôl
|2 SNKPH
|9 69323
|
| 700 |
1 |
|
|a Švercl, Josef
|4 aut
|9 6111
|
| 700 |
1 |
|
|a Csáderová, Ľubomíra
|4 trl
|9 43220
|
| 830 |
|
0 |
|a Edícia strojárskej literatúry
|9 266612
|
| 852 |
|
|
|a Slovenská národná knižnica
|
| 954 |
|
|
|a odborná, vedecká literatúra cudzojazyčná (svetová)
|2 lita
|
| 958 |
|
|
|a OND
|
| 958 |
|
|
|a NB
|
| 958 |
|
|
|a CZ
|
| 958 |
|
|
|a UC
|
| 958 |
|
|
|a TL
|
| 958 |
|
|
|a OP
|
| 958 |
|
|
|a EUIPO
|
| 968 |
|
|
|b ČES
|
| 999 |
|
|
|c 879005
|d 880935
|
| 952 |
|
|
|a SNK
|b SNK
|y VYP
|7 0
|p 17A0662931
|o snkSC 62896 D1
|i snkKSP 2324/85
|0 0
|1 0
|4 0
|d 2010-08-05
|l 0
|r 2026-02-24 06:10:25
|w 2026-02-24
|
| 952 |
|
|
|a SNK
|b SNK
|y PREZ
|7 0
|p 17A1345572
|o snkSC 62896/príl.
|i snkKSP 2323/85
|3 Príloha: 1 voľný list - schéma
|z Príloha: 1 voľný list - schéma
|0 0
|1 0
|4 0
|d 2022-08-23
|f 1
|l 0
|r 2025-06-23 00:00:00
|w 2026-02-24
|
| 952 |
|
|
|a SNK
|b SNK
|y VYP
|7 0
|p 17A1345571
|o snkSC 62896/príl. D1
|i snkKSP 2324/85
|3 Príloha: 1 voľný list - schéma
|z Príloha: 1 voľný list - schéma
|0 0
|1 0
|4 0
|d 2022-08-23
|l 0
|r 2026-02-24 06:10:25
|w 2026-02-24
|
| 952 |
|
|
|a SNK
|b SNK
|y PREZ
|7 0
|p 17A0917957
|o snkSC 62896
|i snkKSP 2323/85
|0 0
|1 0
|4 0
|d 2012-08-07
|f 1
|l 0
|r 2025-06-23 00:00:00
|w 2026-02-24
|